00589nam a2200205 a 4500001001300000003000900013005001700022008004100039020002300080082002000103100003200123245004600155260004400201300000900245500003500254505002400289650002100313650001700334700003200351nice12345678IN_TiNIC20260116012743.0050524s1994 lona grp 000 0 eng  a0194858 c12500a305.811054bFUR aFurer-Haimendorf, Christoph aTribes of Iniab the Strugglefor Survival aLondan bOxford University Press c1994 a342p aincludes index and biblioraphy2 aBibliography, Index aIndia-Minorities aIndia-Tribes1 aFurer-Haimendorf, Christoph